| 000 | 00371nam a22001337a 4500 | ||
|---|---|---|---|
| 020 | _aNA | ||
| 082 |
_222 _a005.1 |
||
| 100 | _aGoodrich, Michael T. and Tamassia, Roberto. | ||
| 245 |
_aAlgorithm design : _bfoundamental analysis and internet example / |
||
| 250 | _aNA | ||
| 260 |
_aNew Delhi, _bCBS, _cc2011. |
||
| 300 |
_axii,708 p. ; _bill. ; _c24 cm. |
||
| 942 |
_2ddc _cIT _07 |
||
| 999 |
_c3638 _d3638 |
||